000 00474nam a22001577a 4500
005 20180728173847.0
020 _a8170944805
_cRs.325.00 (pbk)
035 _aB-166840, B-166837
037 _aDPL
_bENG
100 _aDorsey, Thomas J.
245 _aTrading tips :
_bA playbook for stock market success /
_cby Thomas J. Dorsey
250 _arprn.
260 _aNew Delhi
_bVision Books
_c2006
300 _axi, 227p.
_c20 cms.
942 _2ddc
_cEN
_h332.64
_mDOR
999 _c67974
_d67974